[Event "SVK-chT1E 1920"]
[Site "Slovakia"]
[Date "2019.11.09"]
[Round "3.5"]
[White "Gerbery, Richard"]
[Black "Tomcikova, Dominika"]
[Result "1/2-1/2"]
[WhiteElo "2112"]
[BlackElo "1831"]
[PlyCount "57"]
[EventDate "2019.10.12"]
[EventType "team-tourn"]
[EventRounds "11"]
[EventCountry "SVK"]
[SourceTitle "CBM 193 Extra"]
[Source "ChessBase"]
[SourceDate "2020.01.31"]
[SourceVersion "1"]
[SourceVersionDate "2020.01.31"]
[SourceQuality "1"]
[WhiteTeam "Michalovce Zemplin"]
[BlackTeam "Kysucke Nove Mesto"]
[WhiteTeamCountry "SVK"]
[BlackTeamCountry "SVK"]

1. e4 c6 2. d4 d5 3. e5 Bf5 4. Nf3 e6 5. Be2 c5 6. c3 Nc6 7. 0-0 cxd4 8. cxd4 Nge7 9. Na3 a6 10. Nc2 Qb6 11. b3 Bxc2 12. Qxc2 Nxd4 13. Nxd4 Qxd4 14. Bb2 Qb6 15. Bd3 Nc6 16. Qe2 Bc5 17. Rfd1 Qd8 18. Qg4 g6 19. Rac1 Qe7 20. Qf4 g5 21. Qa4 Kd7 22. a3 b5 23. Bxb5 axb5 24. Qxb5 Rhb8 25. Qxc5 Qxc5 26. Rxc5 Rxb3 27. Rc2 Rab8 28. Rdc1 R8b6 29. Bc3 1/2-1/2

[Event "SVK-chT1E 1819"]
[Site "Slovakia"]
[Date "2019.01.12"]
[Round "5.5"]
[White "Gerbery, Richard"]
[Black "Timko, Milan"]
[Result "1/2-1/2"]
[WhiteElo "2123"]
[BlackElo "2054"]
[PlyCount "122"]
[EventDate "2018.10.27"]
[EventType "team-tourn"]
[EventRounds "11"]
[EventCountry "SVK"]
[SourceTitle "CBM 188 Extra"]
[Source "ChessBase"]
[SourceDate "2019.02.26"]
[SourceVersion "1"]
[SourceVersionDate "2019.02.26"]
[SourceQuality "1"]
[WhiteTeam "Michalovce Zemplin"]
[BlackTeam "Kosice 1 CC"]
[WhiteTeamCountry "SVK"]
[BlackTeamCountry "SVK"]

1. e4 e6 2. d4 d5 3. e5 c5 4. c3 Qb6 5. Nf3 Bd7 6. Be2 Bb5 7. 0-0 Bxe2 8. Qxe2 Nd7 9. Be3 cxd4 10. Bxd4 Bc5 11. Na3 Ne7 12. Qb5 Qxb5 13. Nxb5 0-0 14. Rad1 a6 15. Bxc5 Nxc5 16. Nbd4 Nc6 17. Rfe1 Rfc8 18. Kf1 Kf8 19. Re2 Ke7 20. Ne1 Rc7 21. f3 b5 22. a3 Rac8 23. f4 Nxd4 24. Rxd4 Nb3 25. Rd1 g6 26. Nc2 Rc4 27. g3 a5 28. Kf2 h5 29. Kf3 Ra4 30. h3 Rcc4 31. Ne3 Re4 32. Nc2 Rxe2 33. Kxe2 h4 34. Kf3 hxg3 35. Kxg3 Re4 36. Kf3 Kd7 37. Ne3 Kc6 38. Ng4 b4 39. cxb4 axb4 40. Nh6 bxa3 41. bxa3 Nd4+ 42. Kg4 Ne2 43. Rf1 d4 44. Nxf7 d3 45. Ng5 Rxf4+ 46. Rxf4 Nxf4 47. Ne4 Ne2 48. a4 Nd4 49. Kf4 Kd5 50. a5 Nc6 51. a6 Kc4 52. Ke3 Kb5 53. Kxd3 Nxe5+ 54. Ke3 Kxa6 55. Nc5+ Kb5 56. Nxe6 Kc6 57. Kf4 Kd6 58. Nf8 Ke7 59. Kxe5 Kxf8 60. Kf6 g5 61. Kxg5 Kg7 1/2-1/2

[Event "SVK-chT1E 1718"]
[Site "Slovakia"]
[Date "2018.03.10"]
[Round "10.5"]
[White "Korytko, Peter"]
[Black "Gerbery, Richard"]
[Result "1/2-1/2"]
[WhiteElo "2051"]
[BlackElo "2123"]
[PlyCount "68"]
[EventDate "2017.10.21"]
[EventType "team-tourn"]
[EventRounds "11"]
[EventCountry "SVK"]
[SourceTitle "EXT 2019"]
[Source "ChessBase"]
[SourceDate "2018.10.10"]
[SourceVersion "1"]
[SourceVersionDate "2018.10.10"]
[SourceQuality "1"]
[WhiteTeam "Margecany OSK"]
[BlackTeam "Michalovce Zemplin"]
[WhiteTeamCountry "SVK"]
[BlackTeamCountry "SVK"]

1. e4 c5 2. Nc3 Nc6 3. g3 g6 4. Bg2 Bg7 5. d3 d6 6. Be3 Rb8 7. Qd2 b5 8. f4 b4 9. Nd1 Qb6 10. Nf3 Nh6 11. h3 f5 12. Ng5 e6 13. 0-0 0-0 14. Qf2 fxe4 15. dxe4 Ne5 16. Kh1 Nc4 17. Bc1 Nf7 18. Nf3 Bb7 19. Re1 Rbe8 20. Qe2 Ba6 21. Qf2 Nd8 22. Rb1 Nc6 23. b3 Na3 24. Bxa3 bxa3 25. Ne3 Nb4 26. Nd2 Bd4 27. Ndc4 Bxc4 28. bxc4 Qa6 29. Qd2 Nxa2 30. Nd1 Qxc4 31. Bf1 Bc3 32. Nxc3 Qxc3 33. Qxc3 Nxc3 34. Rb3 Na4 1/2-1/2

[Event "SVK-chT1E 1213"]
[Site "Slovakia"]
[Date "2013.02.24"]
[Round "9.4"]
[White "Gerbery, Richard"]
[Black "Frink, Ferenc"]
[Result "1/2-1/2"]
[WhiteElo "2129"]
[BlackElo "2205"]
[PlyCount "24"]
[EventDate "2012.10.20"]
[EventType "team-tourn"]
[EventRounds "11"]
[EventCountry "SVK"]
[SourceTitle "EXT 2015"]
[Source "ChessBase"]
[SourceDate "2014.11.20"]
[SourceVersion "1"]
[SourceVersionDate "2014.11.20"]
[SourceQuality "1"]
[WhiteTeam "Michalovce Zemplin"]
[BlackTeam "Filakovo"]
[WhiteTeamCountry "SVK"]
[BlackTeamCountry "SVK"]

1. Nf3 Nf6 2. d4 d5 3. e3 g6 4. c4 c6 5. Nc3 Bg7 6. cxd5 cxd5 7. Qb3 0-0 8. Be2 Nc6 9. 0-0 Na5 10. Qb4 Nc6 11. Qb3 Na5 12. Qb4 Nc6 1/2-1/2

[Event "SVK-chT1E 1213"]
[Site "Slovakia"]
[Date "2013.01.12"]
[Round "5.3"]
[White "Koval, Anton"]
[Black "Gerbery, Richard"]
[Result "1-0"]
[WhiteElo "2189"]
[BlackElo "2129"]
[PlyCount "65"]
[EventDate "2012.10.20"]
[EventType "team-tourn"]
[EventRounds "11"]
[EventCountry "SVK"]
[SourceTitle "EXT 2015"]
[Source "ChessBase"]
[SourceDate "2014.11.20"]
[SourceVersion "1"]
[SourceVersionDate "2014.11.20"]
[SourceQuality "1"]
[WhiteTeam "Bardejov"]
[BlackTeam "Michalovce Zemplin"]
[WhiteTeamCountry "SVK"]
[BlackTeamCountry "SVK"]

1. e4 c6 2. d4 d5 3. Nd2 dxe4 4. Nxe4 Nd7 5. Ng5 Ngf6 6. Bc4 e6 7. Ne2 Be7 8. 0-0 0-0 9. c3 Nb6 10. Bd3 c5 11. Qc2 h6 12. Ne4 cxd4 13. Nxd4 Nbd5 14. a3 Qb6 15. Nf3 Nxe4 16. Bxe4 Nf6 17. Bd3 Qc7 18. Qe2 b6 19. Ne5 Bb7 20. f4 Bc5+ 21. Kh1 Rfe8 22. b4 Bf8 23. Bb2 a5 24. Rad1 Red8 25. b5 Rac8 26. f5 exf5 27. Rxf5 Bd5 28. c4 Be6 29. Rxf6 gxf6 30. Ng4 Bg7 31. Nxf6+ Kh8 32. Qe4 Rxd3 33. Qh7# 1-0

[Event "SVK-chT1E 1112"]
[Site "Slovakia"]
[Date "2011.12.10"]
[Round "5.6"]
[White "Copak, Jozef"]
[Black "Gerbery, Richard"]
[Result "1/2-1/2"]
[WhiteElo "1996"]
[BlackElo "2176"]
[PlyCount "87"]
[EventDate "2011.10.15"]
[EventType "team-tourn"]
[EventRounds "11"]
[EventCountry "SVK"]
[SourceTitle "EXT 2013"]
[Source "ChessBase"]
[SourceDate "2012.11.22"]
[SourceVersion "1"]
[SourceVersionDate "2012.11.22"]
[SourceQuality "1"]
[WhiteTeam "Bardejov"]
[BlackTeam "Michalovce Zemplin"]
[WhiteTeamCountry "SVK"]
[BlackTeamCountry "SVK"]

1. d4 f5 2. c4 Nf6 3. Nc3 g6 4. Nf3 Bg7 5. g3 0-0 6. Bg2 d6 7. 0-0 Nc6 8. d5 Ne5 9. Nxe5 dxe5 10. e4 f4 11. gxf4 Nh5 12. f5 Nf4 13. Bxf4 exf4 14. Qe2 Qd6 15. Rae1 Be5 16. Kh1 Kh8 17. Bf3 Bd7 18. Rg1 Rg8 19. fxg6 Rxg6 20. Rxg6 Qxg6 21. Rg1 Qh6 22. Qf1 Bf6 23. Bg4 Bxg4 24. Rxg4 f3 25. Qg1 Be5 26. Nd1 Rf8 27. b3 Qh3 28. Ne3 Bf4 29. Nf1 Qh5 30. Rg7 Qe5 31. Rg4 Qxe4 32. Ne3 Qe5 33. Nf1 Qb2 34. Ng3 Bxg3 35. Qxg3 Qa1+ 36. Qg1 Qxa2 37. b4 Qb2 38. Qe1 Qe2 39. Qa1+ Rf6 40. Qxa7 Rg6 41. Qd4+ Kg8 42. h4 Kf7 43. Rxg6 hxg6 44. Kh2 1/2-1/2

[Event "SVK-chT2D 10/11"]
[Site "Slovakia"]
[Date "2011.03.26"]
[Round "10.61"]
[White "Gerbery, Richard"]
[Black "Zambor, Norbert"]
[Result "0-1"]
[WhiteElo "2179"]
[BlackElo "2281"]
[PlyCount "76"]
[EventDate "2010.10.23"]
[EventType "team-tourn"]
[EventRounds "11"]
[EventCountry "SVK"]
[SourceTitle "EXT 2019"]
[Source "ChessBase"]
[SourceDate "2018.10.10"]
[SourceVersion "1"]
[SourceVersionDate "2018.10.10"]
[SourceQuality "1"]
[WhiteTeam "Michalovce Zemplin II"]
[BlackTeam "Margecany OSK"]
[WhiteTeamCountry "SVK"]
[BlackTeamCountry "SVK"]

1. e4 c5 2. Nf3 d6 3. d4 cxd4 4. Nxd4 Nf6 5. Nc3 a6 6. f4 e5 7. Nf3 Nbd7 8. a4 Be7 9. Bd3 0-0 10. Qe2 Re8 11. fxe5 Nxe5 12. Nxe5 dxe5 13. 0-0 Be6 14. Kh1 Rc8 15. h3 g6 16. Qf3 Kg7 17. Bd2 h5 18. Rad1 Bg4 19. Qg3 Bxd1 20. Rxd1 Bb4 21. Rf1 Bxc3 22. bxc3 Qd6 23. Qh4 Re6 24. c4 Nd7 25. Bc3 Nc5 26. Qf4 Rc7 27. Qe3 Nxa4 28. Bd2 Nb2 29. c5 Qxc5 30. Qh6+ Kg8 31. Be2 Nc4 32. Bg5 Qf8 33. Qxf8+ Kxf8 34. Rd1 Rd6 35. Rd5 Rxd5 36. exd5 Ke8 37. g4 hxg4 38. Bxg4 f5 0-1

[Event "SVK-chT2D 10/11"]
[Site "Slovakia"]
[Date "2011.03.05"]
[Round "8.1"]
[White "Tropp, Frantisek"]
[Black "Gerbery, Richard"]
[Result "1/2-1/2"]
[WhiteElo "2095"]
[BlackElo "2179"]
[PlyCount "80"]
[EventDate "2010.10.23"]
[EventType "team-tourn"]
[EventRounds "11"]
[EventCountry "SVK"]
[SourceTitle "EXT 2019"]
[Source "ChessBase"]
[SourceDate "2018.10.10"]
[SourceVersion "1"]
[SourceVersionDate "2018.10.10"]
[SourceQuality "1"]
[WhiteTeam "Kezmarok KdV II"]
[BlackTeam "Michalovce Zemplin II"]
[WhiteTeamCountry "SVK"]
[BlackTeamCountry "SVK"]

1. e4 c5 2. d4 cxd4 3. c3 d3 4. Bxd3 e6 5. Nf3 Nc6 6. 0-0 Qc7 7. Qe2 Nge7 8. Na3 a6 9. Bg5 Ng6 10. Nc2 Bd6 11. Rfe1 b6 12. Rad1 Bb7 13. Ncd4 h5 14. h3 Nce5 15. Nxe5 Bxe5 16. Nf3 Bf4 17. Bxf4 Nxf4 18. Qe3 0-0-0 19. Bf1 h4 20. Rd4 e5 21. Rb4 Rh6 22. Rd1 d5 23. a4 a5 24. Rb5 Bc6 25. Rxb6 d4 26. Rxc6 dxe3 27. Rxd8+ Kxd8 28. Rxc7 exf2+ 29. Kxf2 Kxc7 30. Nxe5 Rf6 31. Nf3 Ne6 32. b4 Kb6 33. Ke3 g5 34. e5 Rg6 35. Bc4 g4 36. Nxh4 gxh3 37. gxh3 Rg3+ 38. Kd2 Rxh3 39. Nf5 Rh5 40. Nd6 Nd8 1/2-1/2

[Event "SVK-chT 1011"]
[Site "Slovakia"]
[Date "2010.11.27"]
[Round "1.8"]
[White "Jablonicky, Frantisek"]
[Black "Gerbery, Richard"]
[Result "1-0"]
[WhiteElo "2161"]
[BlackElo "2179"]
[PlyCount "66"]
[EventDate "2010.11.27"]
[EventType "team-tourn"]
[EventRounds "11"]
[EventCountry "SVK"]
[SourceTitle "CBM 139 Extra"]
[Source "ChessBase"]
[SourceDate "2011.01.05"]
[SourceVersion "1"]
[SourceVersionDate "2011.01.05"]
[SourceQuality "1"]
[WhiteTeam "Dunajska Streda"]
[BlackTeam "Michalovce Zemplin"]
[WhiteTeamCountry "SVK"]
[BlackTeamCountry "SVK"]

1. Nf3 g6 2. d4 f5 3. g3 Nf6 4. Bg2 Bg7 5. 0-0 0-0 6. b4 d6 7. Bb2 c6 8. Nbd2 Na6 9. a3 Bd7 10. c4 Nc7 11. Qc2 Qe8 12. Rfe1 h6 13. e4 fxe4 14. Nxe4 Qf7 15. Ned2 g5 16. Re2 Rae8 17. a4 Qh5 18. Rae1 Rf7 19. c5 Bg4 20. Qb3 dxc5 21. Rxe7 Rexe7 22. Rxe7 Ncd5 23. Rxf7 Qxf7 24. Ne5 Qe6 25. bxc5 Qc8 26. Ndc4 Qf5 27. Qd3 Qxd3 28. Nxd3 Be2 29. Nde5 Bxc4 30. Nxc4 Nd7 31. a5 Nb4 32. Bh3 Nb8 33. Bf5 Kf8 1-0

[Event "SVK-chT1E 0910"]
[Site "Slovakia"]
[Date "2010.01.16"]
[Round "6.5"]
[White "Kostelnik, Peter"]
[Black "Gerbery, Richard"]
[Result "0-1"]
[WhiteElo "2033"]
[BlackElo "2179"]
[PlyCount "80"]
[EventDate "2009.10.17"]
[EventType "team"]
[EventRounds "11"]
[EventCountry "SVK"]
[SourceTitle "EXT 2011"]
[Source "ChessBase"]
[SourceDate "2010.11.26"]
[SourceVersion "1"]
[SourceVersionDate "2010.11.26"]
[SourceQuality "1"]
[WhiteTeam "Kosice"]
[BlackTeam "Michalovce Zemplin"]
[WhiteTeamCountry "SVK"]
[BlackTeamCountry "SVK"]

1. e4 c5 2. Nf3 e6 3. d4 cxd4 4. Nxd4 a6 5. Be2 Nf6 6. f3 Bc5 7. Nb3 Ba7 8. Qd6 Nc6 9. Nc3 Bb8 10. Qc5 d6 11. Qf2 e5 12. Be3 Be6 13. 0-0 0-0 14. Kh1 Nb4 15. Rac1 a5 16. a4 Qc8 17. h3 Nxc2 18. Rxc2 Bxb3 19. Nd5 Qe6 20. Rd2 Nxd5 21. exd5 Bxd5 22. f4 exf4 23. Bxf4 Qxh3+ 24. Bh2 Bc6 25. Rd3 Qh6 26. Qf5 Bc7 27. Rh3 Qg6 28. Qf2 Rae8 29. Bd3 Be4 30. Rg3 Qh6 31. Bxe4 Rxe4 32. Rh3 Qg6 33. Rg3 Qe6 34. Rc3 Bb8 35. Rg3 d5 36. Rh3 Bxh2 37. Kxh2 Rg4 38. Qc2 Re4 39. Qf2 d4 40. Rg3 Re3 0-1

[Event "SVK-chT2D 0910"]
[Site "Slovakia"]
[Date "2010.01.09"]
[Round "6.52"]
[White "Pcola, Jaroslav1111"]
[Black "Gerbery, Richard"]
[Result "1/2-1/2"]
[WhiteElo "2147"]
[BlackElo "2179"]
[PlyCount "53"]
[EventDate "2009.10.10"]
[EventType "team"]
[EventRounds "11"]
[EventCountry "SVK"]
[SourceTitle "EXT 2011"]
[Source "ChessBase"]
[SourceDate "2010.11.26"]
[SourceVersion "1"]
[SourceVersionDate "2010.11.26"]
[SourceQuality "1"]
[WhiteTeam "Humenne"]
[BlackTeam "Michalovce Zemplin II"]
[WhiteTeamCountry "SVK"]
[BlackTeamCountry "SVK"]

1. e4 c5 2. c3 d5 3. exd5 Qxd5 4. d4 Nf6 5. Nf3 e6 6. Na3 cxd4 7. Nb5 Na6 8. Qxd4 Bc5 9. Qxd5 Nxd5 10. Be2 0-0 11. 0-0 f6 12. b4 Be7 13. a3 e5 14. c4 Ndc7 15. Nc3 Be6 16. Be3 b6 17. Rfd1 Rfd8 18. Rac1 Rxd1+ 19. Rxd1 Rd8 20. Rxd8+ Bxd8 21. c5 bxc5 22. b5 Nb8 23. Bxc5 a5 24. Bb6 Nxb5 25. Bxa5 Bxa5 26. Nxb5 Nc6 27. Kf1 1/2-1/2

[Event "SVK-chT1E 0910"]
[Site "Slovakia"]
[Date "2009.11.15"]
[Round "4.66"]
[White "Gerbery, Richard"]
[Black "Salata, Tibor"]
[Result "1/2-1/2"]
[WhiteElo "2179"]
[BlackElo "1997"]
[PlyCount "155"]
[EventDate "2009.10.17"]
[EventType "team"]
[EventRounds "11"]
[EventCountry "SVK"]
[SourceTitle "EXT 2011"]
[Source "ChessBase"]
[SourceDate "2010.11.26"]
[SourceVersion "1"]
[SourceVersionDate "2010.11.26"]
[SourceQuality "1"]
[WhiteTeam "Michalovce Zemplin"]
[BlackTeam "Rajecke Teplice"]
[WhiteTeamCountry "SVK"]
[BlackTeamCountry "SVK"]

1. e4 e5 2. Nf3 Nc6 3. d4 exd4 4. Bc4 Bb4+ 5. c3 dxc3 6. 0-0 Qe7 7. a3 Ba5 8. b4 Bb6 9. Nxc3 Ne5 10. Nd5 Nxf3+ 11. Qxf3 Qf8 12. Bb2 c6 13. Rae1 Bd8 14. Qg3 Nf6 15. Nc7+ Bxc7 16. Qxc7 Qe7 17. Be5 0-0 18. Bg3 Qd8 19. Qd6 Ne8 20. Qd2 d6 21. Rd1 Qe7 22. Rfe1 Be6 23. Bxe6 Qxe6 24. Bxd6 Nxd6 25. Qxd6 Qxd6 26. Rxd6 a5 27. b5 cxb5 28. Rb6 b4 29. axb4 Rfb8 30. bxa5 Rxa5 31. Rc1 Kf8 32. f3 Re5 33. Rcb1 Re7 34. Kf2 Ke8 35. R6b5 Kd8 36. Ke3 Kc8 37. Rg5 f6 38. Rd5 Ra8 39. Rb2 Ra6 40. g4 Rc6 41. h4 Rc1 42. h5 Rc6 43. Kf4 Rce6 44. Rdb5 Re5 45. Rb6 Rc5 46. R2b3 Rce5 47. R6b4 Kb8 48. Rd4 Kc8 49. Rc3+ Rc7 50. Rb3 Rce7 51. Ra4 Kc7 52. Ra8 b5 53. Rba3 Kb6 54. R3a6+ Kc5 55. Rc8+ Kb4 56. Rb8 Kc5 57. Rab6 Kc4 58. Rc8+ Kb4 59. Rcb8 Kc4 60. Kg3 Re8 61. Rxb5 Rxb5 62. Rxe8 Rb7 63. Rd8 Re7 64. Rd6 Kc5 65. Rd5+ Kc6 66. Kf4 g6 67. h6 Rd7 68. Ra5 Kd6 69. Rd5+ Ke6 70. Rxd7 g5+ 71. Ke3 Kxd7 72. f4 gxf4+ 73. Kxf4 Ke6 74. Ke3 Kf7 75. Kf3 Kg6 76. Kf4 Kxh6 77. Kf5 Kg7 78. g5 1/2-1/2

[Event "SVK-chT1E 0809"]
[Site "Slovakia"]
[Date "2009.03.08"]
[Round "11.6"]
[White "Pekar, Karol"]
[Black "Gerbery, Richard"]
[Result "1/2-1/2"]
[WhiteElo "2177"]
[BlackElo "2213"]
[PlyCount "36"]
[EventDate "2008.10.18"]
[EventType "team-tourn"]
[EventRounds "11"]
[EventCountry "SVK"]
[SourceTitle "EXT 2010"]
[Source "ChessBase"]
[SourceDate "2010.11.25"]
[SourceVersion "1"]
[SourceVersionDate "2010.11.25"]
[SourceQuality "1"]
[WhiteTeam "Liptov Chess School"]
[BlackTeam "Michalovce Zemplin"]
[WhiteTeamCountry "SVK"]
[BlackTeamCountry "SVK"]

1. d4 Nf6 2. Nc3 d5 3. Bg5 Nbd7 4. f3 c6 5. e4 dxe4 6. fxe4 Qa5 7. Qd2 e5 8. dxe5 Nxe5 9. Nf3 Be6 10. Bd3 Be7 11. Nxe5 Qxe5 12. Bf4 Qh5 13. Ne2 Rd8 14. Ng3 Qh4 15. 0-0-0 Nh5 16. Nxh5 Qxh5 17. Qc3 Bg5 18. g3 Bf6 1/2-1/2

[Event "SVK-chT1E 0809"]
[Site "Slovakia"]
[Date "2008.11.22"]
[Round "3.6"]
[White "Gerbery, Richard"]
[Black "Frink, Ferenc"]
[Result "1/2-1/2"]
[WhiteElo "2213"]
[BlackElo "2199"]
[PlyCount "60"]
[EventDate "2008.10.18"]
[EventType "team-tourn"]
[EventRounds "11"]
[EventCountry "SVK"]
[SourceTitle "EXT 2010"]
[Source "ChessBase"]
[SourceDate "2010.11.25"]
[SourceVersion "1"]
[SourceVersionDate "2010.11.25"]
[SourceQuality "1"]
[WhiteTeam "Michalovce Zemplin"]
[BlackTeam "Filakovo"]
[WhiteTeamCountry "SVK"]
[BlackTeamCountry "SVK"]

1. e4 Nc6 2. Nf3 e6 3. d4 Nf6 4. Nbd2 d6 5. c3 e5 6. h3 h6 7. Bb5 Bd7 8. 0-0 Ne7 9. Bxd7+ Nxd7 10. dxe5 dxe5 11. Nc4 Ng6 12. Qb3 Nc5 13. Qd1 Qf6 14. Ne3 c6 15. Qc2 Be7 16. b4 Na6 17. a3 0-0 18. c4 Qe6 19. Bb2 f6 20. Rad1 Rfd8 21. Nf5 Bf8 22. g3 Kh7 23. Kg2 Ne7 24. Ne3 g6 25. Rd3 Ng8 26. Rfd1 Be7 27. R1d2 Rxd3 28. Rxd3 Rd8 29. Qd2 Rxd3 30. Qxd3 Nc7 1/2-1/2

[Event "SVK-chT1E 0708"]
[Site "Slovakia"]
[Date "2007.12.08"]
[Round "5.1"]
[White "Gerbery, Richard"]
[Black "Fenda, Zdenek"]
[Result "1/2-1/2"]
[WhiteElo "2220"]
[BlackElo "2112"]
[PlyCount "102"]
[EventDate "2007.10.13"]
[EventType "team-swiss"]
[EventRounds "11"]
[EventCountry "SVK"]
[SourceTitle "EXT 2009"]
[Source "ChessBase"]
[SourceDate "2008.11.26"]
[SourceVersion "1"]
[SourceVersionDate "2008.11.26"]
[SourceQuality "1"]
[WhiteTeam "Michalovce Zemplin"]
[BlackTeam "Margecany OSK"]
[WhiteTeamCountry "SVK"]
[BlackTeamCountry "SVK"]

1. e4 e6 2. d4 d5 3. Nc3 Bb4 4. e5 c5 5. a3 Bxc3+ 6. bxc3 Qc7 7. Nf3 f5 8. Bb5+ Bd7 9. Bxd7+ Nxd7 10. 0-0 Ne7 11. Rb1 h6 12. Re1 Kf7 13. Qe2 c4 14. h4 Rag8 15. a4 Nf8 16. Ba3 g5 17. Bd6 Qc6 18. Rb5 Nd7 19. Reb1 b6 20. a5 a6 21. Rxb6 Nxb6 22. axb6 Qb7 23. Qd1 g4 24. Nd2 Rc8 25. Qc1 Rc6 26. Bc5 Rb8 27. f3 gxf3 28. Nxf3 Kg7 29. h5 Ng8 30. Qf4 Qf7 31. Ra1 Rcxb6 32. Bxb6 Rxb6 33. Qh4 Ne7 34. g4 fxg4 35. Qxg4+ Kh7 36. Kh1 Qf5 37. Qxf5+ Nxf5 38. Kh2 Ng7 39. Kh3 Nxh5 40. Kg4 Ng7 41. Ra5 Nf5 42. Rc5 Kg6 43. Kf4 h5 44. Rc8 Rb2 45. Rc6 Ng7 46. Ng5 Rxc2 47. Nxe6 Nxe6+ 48. Rxe6+ Kf7 49. Rxa6 Rxc3 50. Ra7+ Ke6 51. Ra6+ Ke7 1/2-1/2

[Event "SVK-chT2D 0708"]
[Site "Slovakia"]
[Date "2007.12.02"]
[Round "6.2"]
[White "Bednar, Milan"]
[Black "Gerbery, Richard"]
[Result "1/2-1/2"]
[WhiteElo "2235"]
[BlackElo "2220"]
[PlyCount "35"]
[EventDate "2007.10.06"]
[EventType "team-tourn"]
[EventRounds "11"]
[EventCountry "SVK"]
[SourceTitle "EXT 2010"]
[Source "ChessBase"]
[SourceDate "2010.11.25"]
[SourceVersion "1"]
[SourceVersionDate "2010.11.25"]
[SourceQuality "1"]
[WhiteTeam "Bardejov BSK"]
[BlackTeam "Michalovce Zemplin II"]
[WhiteTeamCountry "SVK"]
[BlackTeamCountry "SVK"]

1. d4 d5 2. c4 c6 3. Nc3 Nf6 4. Nf3 e6 5. g3 Be7 6. Bg2 0-0 7. 0-0 Nbd7 8. Qb3 Qb6 9. c5 Qa6 10. Qc2 b6 11. cxb6 axb6 12. Re1 Bb7 13. e4 dxe4 14. Nxe4 Nxe4 15. Qxe4 Nf6 16. Qc2 c5 17. dxc5 Bxc5 18. Be3 1/2-1/2

[Event "SVK-chT1E 0708"]
[Site "Slovakia"]
[Date "2007.11.11"]
[Round "4.2"]
[White "Gerbery, Richard"]
[Black "Sokol, Lubomir"]
[Result "1-0"]
[WhiteElo "2220"]
[BlackElo "2222"]
[PlyCount "71"]
[EventDate "2007.10.13"]
[EventType "team-swiss"]
[EventRounds "11"]
[EventCountry "SVK"]
[SourceTitle "EXT 2009"]
[Source "ChessBase"]
[SourceDate "2008.11.26"]
[SourceVersion "1"]
[SourceVersionDate "2008.11.26"]
[SourceQuality "1"]
[WhiteTeam "Michalovce Zemplin"]
[BlackTeam "Zilina Mladost"]
[WhiteTeamCountry "SVK"]
[BlackTeamCountry "SVK"]

1. e4 e5 2. Nf3 Nc6 3. d4 Nf6 4. Bc4 exd4 5. e5 d5 6. Bb5 Ne4 7. Nxd4 Bd7 8. Bxc6 bxc6 9. 0-0 Be7 10. f3 Nc5 11. f4 0-0 12. f5 Kh8 13. Nc3 Rg8 14. Be3 f6 15. e6 Be8 16. Kh1 Nb7 17. Nde2 Nd6 18. b3 g6 19. g4 gxf5 20. gxf5 Bh5 21. Qe1 Bg4 22. Ng3 Ne4 23. Nce2 d4 24. Nxe4 Qd5 25. N2g3 dxe3 26. Qxe3 Rad8 27. Rae1 Bd6 28. c4 Qe5 29. Nxd6 cxd6 30. Qd2 Qc5 31. Qc3 Kg7 32. e7 Rde8 33. Re6 Qe5 34. Rxe5 dxe5 35. Qb4 Kf7 36. Qd6 1-0

[Event "SVK-chT1E 0607"]
[Site "Slovakia"]
[Date "2007.02.10"]
[Round "8.2"]
[White "Gerbery, Richard"]
[Black "Stric, Dusan"]
[Result "1-0"]
[WhiteElo "2194"]
[BlackElo "2095"]
[PlyCount "57"]
[EventDate "2006.10.07"]
[EventType "team-tourn"]
[EventRounds "11"]
[EventCountry "SVK"]
[SourceTitle "EXT 2008"]
[Source "ChessBase"]
[SourceDate "2007.11.25"]
[SourceVersion "1"]
[SourceVersionDate "2007.11.25"]
[SourceQuality "1"]
[WhiteTeam "Michalovce Zemplin"]
[BlackTeam "Liptov SK Zapad"]
[WhiteTeamCountry "SVK"]
[BlackTeamCountry "SVK"]

1. e4 g6 2. d4 Bg7 3. Nc3 d6 4. Be3 Nd7 5. Qd2 e5 6. Nf3 a6 7. Bc4 exd4 8. Nxd4 Ne5 9. Be2 Be6 10. 0-0-0 Qd7 11. h3 0-0-0 12. Nd5 h5 13. Qa5 Nc6 14. Qc3 Bxd4 15. Bxd4 Rh7 16. Be3 f5 17. exf5 Bxd5 18. fxg6 Rg7 19. Rxd5 Ne5 20. Rhd1 Qe7 21. f4 Nxg6 22. Rxh5 Nf6 23. Bg4+ Kb8 24. Qd4 c5 25. Rxc5 Re8 26. Rc3 b5 27. Qb6+ Qb7 28. Qxd6+ Ka8 29. Qxf6 1-0

[Event "SVK-chT2D 0607"]
[Site "Slovakia"]
[Date "2006.12.16"]
[Round "5.3"]
[White "Vorovic, Arkadij"]
[Black "Gerbery, Richard"]
[Result "1/2-1/2"]
[WhiteElo "2201"]
[BlackElo "2199"]
[PlyCount "51"]
[EventDate "2006.10.14"]
[EventType "team-tourn"]
[EventRounds "11"]
[EventCountry "SVK"]
[SourceTitle "EXT 2008"]
[Source "ChessBase"]
[SourceDate "2007.11.25"]
[SourceVersion "1"]
[SourceVersionDate "2007.11.25"]
[SourceQuality "1"]
[WhiteTeam "Velke Kapusany Energetik"]
[BlackTeam "Michalovce Zemplin II"]
[WhiteTeamCountry "SVK"]
[BlackTeamCountry "SVK"]

1. Nf3 g6 2. c4 Bg7 3. Nc3 f5 4. d4 Nf6 5. g3 0-0 6. Bg2 d6 7. 0-0 Nc6 8. d5 Ne5 9. Qb3 Kh8 10. Nd4 a6 11. h3 Qe8 12. f4 Nf7 13. Be3 Nd8 14. Bf2 e5 15. dxe6 Nxe6 16. Nxe6 Qxe6 17. e4 Nxe4 18. Nxe4 fxe4 19. Rae1 Qf7 20. Rxe4 Bf5 21. Re2 Rae8 22. Rfe1 Rxe2 23. Rxe2 b6 24. Kh2 Re8 25. Qd1 a5 26. Qd5 1/2-1/2

[Event "SVK-chT2D 0506"]
[Site "Slovakia"]
[Date "2006.01.15"]
[Round "7.1"]
[White "Pcola, Jaroslav1111"]
[Black "Gerbery, Richard"]
[Result "1/2-1/2"]
[WhiteElo "2161"]
[BlackElo "2178"]
[PlyCount "23"]
[EventDate "2005.10.22"]
[EventType "team-tourn"]
[EventRounds "11"]
[EventCountry "SVK"]
[SourceTitle "EXT 2009"]
[Source "ChessBase"]
[SourceDate "2008.11.26"]
[SourceVersion "1"]
[SourceVersionDate "2008.11.26"]
[SourceQuality "1"]

1. Nf3 g6 2. g3 Bg7 3. e4 c5 4. Bg2 Nc6 5. 0-0 Nf6 6. Nc3 d6 7. d3 e5 8. Ne2 Bg4 9. h3 Bd7 10. c3 Rc8 11. Kh2 0-0 12. Nfg1 1/2-1/2